| 000 | 01454nam0a2200325 4500 | ||
|---|---|---|---|
| 001 | RU\NLR\bibl\43576 | ||
| 005 | 20250615030710.0 | ||
| 010 |
_a5-88187-036-0 _91000 |
||
| 021 |
_aRU _b99-22349 _91088 |
||
| 035 | _a(NLR Aleph) 000042491 | ||
| 090 |
_a223100 _c223100 |
||
| 100 | _a19990817d1999 |||y0rusy50 ca | ||
| 101 | 0 | _arus | |
| 102 | _aRU | ||
| 105 | _aa ||||||||| | ||
| 200 | 1 |
_aМежэтническое восприятие и понимание людьми друг друга _fА.П. Оконешникова _gЯкут. гос. ун-т им. М.К. Аммосова, Междунар. центр по исслед. проблем нац. шк. кор. народов Респ. Саха (Якутия), М-во образования Респ. Саха (Якутия) |
|
| 210 |
_aПермь _cЯкут. гос. ун-т _d1999 |
||
| 215 |
_a407 с. _cил. _d21 |
||
| 300 | _aНа обл. авт. не указан. | ||
| 320 | _aБиблиогр.: с. 389-406 | ||
| 606 | 0 |
_aМежэтническое восприятие _91536484 _3RU\NLR\auth\66669600 |
|
| 606 | 0 |
_aНациональные отношения _xСоциологические исследования _91696120 _3RU\NLR\auth\66754545 |
|
| 686 | _aС550.67 | ||
| 700 | 1 |
_aОконешникова _bА. П. _4070 |
|
| 801 | 0 |
_aRU _bNLR _c19990817 _gPSBO |
|
| 801 | 1 |
_aRU _bNLR _c19990817 |
|
| 852 |
_aNLR _j99-3/9407 |
||
| 942 | _cBOOK | ||
| 980 | _aNB | ||